000
00340nam a2200145Ia 4500
008
150201s2008 xx 000 0 und d
082
_a
612
_b
C08M
100
_a
MISRA, U.K.
245
_a
CLINICAL NEUROPHYSIOLOGY
250
_a
2ND
260
_b
ELSEVIER
_a
DELHI
_c
2008
300
_a
1-464
650
_a
HUMAN PHYSIOLOGY
942
_2
ddc
_c
BK
_0
52
999
_c
322
_d
322